Gaming Quiz

Random Gaming or Video Games Quiz
Score 0/56 Timer 20:00
0 Plays Today
Personality Mob % Correct
Passive (doesn't attack)Pig
100%
PassiveCow
100%
PassiveSheep
100%
PassiveChicken
100%
HostileZombie
93.3%
HostileSlime
87.5%
PassiveSquid
87.5%
HostileSkeleton
86.7%
Neutral Enderman
86.7%
Hostile (will attack no matter what) at night and neutral at daySpider
86.7%
PassiveMooshroom
86.7%
PassiveHorse
86.7%
HostileWither Skeleton
80%
HostileGhast
80%
PassiveOcelot
80%
Passive, TameableCat
80%
Boss (Hostile and has viewable health bar)Ender Dragon
80%
BossWither
80%
PassiveVillager
80%
HostileCreeper
73.3%
HostileSilverfish
73.3%
HostileBlaze
73.3%
NeutralZombie Pigman
73.3%
Neutral, Attacks hostile mobsSnow Golem
73.3%
Neutral, Attacks hostile mobs and anything that kills a nearby #11Iron Golem
73.3%
PassiveSalmon
73.3%
Neutral (only attacks if attacked), TameableWolf
66.7%
PassiveCod
66.7%
Personality Mob % Correct
HostileMagma Cube
62.5%
HostilePillager
62.5%
HostileEndermite
60%
HostileGuardian
60%
HostileShulker
60%
HostileZombie Villager
60%
NeutralDolphin
60%
HostileDrowned
60%
HostileCharged Creeper
60%
HostileElder Guardian
53.3%
NeutralPolar Bear
53.3%
PassiveBat
53.3%
HostileHusk
53.3%
Mostly passive but will poison you if you attack it or touch itPufferfish
53.3%
HostilePhantom
50%
PassiveTropical fish
46.7%
PassiveSkeleton Horse
46.7%
PassiveBunny
40%
HostileStray
40%
HostileVex
40%
HostileVindicator
40%
HostileRavager
37.5%
HostileEvoker
33.3%
HostileBaby Zombie
20%
PassiveZombie Horse
20%
NeutralBee
13.3%
PassiveBaby Villager
13.3%
HostileBaby Zombie Vilager
0%
Remove Ads.
Support Sporcle.
Get the best of Sporcle when you Go Orange. This ad-free experience offers more features, more stats, and more fun while also helping to support Sporcle. Thank you for becoming a member.

You're not logged in!

Compare scores with friends on all Sporcle quizzes.
OR
Log In

Show Comments

Extras

Top Quizzes Today


Score Distribution

Your Account Isn't Verified!

In order to create a playlist on Sporcle, you need to verify the email address you used during registration. Go to your Sporcle Settings to finish the process.

Report this User

Report this user for behavior that violates our Community Guidelines.

Details: